[Event "ARG-ch Amateur U2300"]
[Site "Suipacha"]
[Date "2017.11.17"]
[Round "1.13"]
[White "Santillan, Leandro"]
[Black "Diaz, Diego Patricio"]
[Result "1-0"]
[WhiteElo "1947"]
[BlackElo "2075"]
[PlyCount "75"]
[EventDate "2017.11.17"]
[EventType "swiss"]
[EventRounds "8"]
[EventCountry "ARG"]
[SourceTitle "EXT 2024"]
[Source "ChessBase"]
[SourceDate "2023.10.10"]
[SourceVersion "1"]
[SourceVersionDate "2023.10.10"]
[SourceQuality "1"]

1. e4 c5 2. Nf3 Nc6 3. d4 cxd4 4. Nxd4 Qc7 5. Nc3 e6 6. Nb3 a6 7. Be2 Nf6 8. 0-0 b5 9. a3 Bb7 10. f4 d6 11. Bf3 Be7 12. Be3 h5 13. Qe2 Rc8 14. h3 h4 15. Rfd1 g6 16. Qf2 Nh5 17. Rd2 Ng3 18. Rad1 0-0 19. Ne2 Nxe2+ 20. Bxe2 Qb8 21. f5 exf5 22. exf5 gxf5 23. Qxf5 Ne5 24. Bg5 Be4 25. Qxe4 Bxg5 26. Rxd6 Qa7+ 27. Kh1 Rfe8 28. Qf5 Qe7 29. Rxa6 Rcd8 30. Rf1 Nc4 31. Bxc4 bxc4 32. Na5 Rd2 33. Nxc4 Re2 34. Rd6 Re1 35. Rd1 Re6 36. Nd6 Ra8 37. Rd5 Bf6 38. Nc4 1-0

[Event "South America-ch U18 13th"]
[Site "Santiago de Chile"]
[Date "2016.12.02"]
[Round "3"]
[White "Santillan, Leandro"]
[Black "Sanchez Uriguen, Michael Edinson"]
[Result "1/2-1/2"]
[WhiteElo "2059"]
[BlackElo "1771"]
[PlyCount "104"]
[EventDate "2016.12.01"]
[EventType "swiss"]
[EventRounds "9"]
[EventCountry "CHI"]
[SourceTitle "EXT 2018"]
[Source "ChessBase"]
[SourceDate "2017.10.13"]
[SourceVersion "1"]
[SourceVersionDate "2017.10.13"]
[SourceQuality "1"]

1. e4 c5 2. Nf3 Nc6 3. d4 cxd4 4. Nxd4 g6 5. Nc3 Bg7 6. Be3 d6 7. Be2 Nf6 8. Nb3 Be6 9. f4 0-0 10. g4 a6 11. f5 Bxb3 12. cxb3 Qa5 13. 0-0 Nxe4 14. Nxe4 Qe5 15. Qd3 Nb4 16. Qc4 a5 17. Bf4 Qxb2 18. Ng3 Qd4+ 19. Kg2 Qxc4 20. Bxc4 Bxa1 21. Rxa1 d5 22. Be2 Rfc8 23. a3 Nc2 24. Rd1 e6 25. a4 Rc3 26. Bb5 Rxb3 27. Rd2 Ne1+ 28. Kh3 Nf3 29. Rd1 e5 30. Bh6 Nd4 31. Bd3 Rc8 32. fxg6 hxg6 33. Bf1 f5 34. gxf5 gxf5 35. Bg2 Rc5 36. Kh4 Rb2 37. Rg1 Kh7 38. Bf8 Rc4 39. Kg5 Rb6 40. Bxd5 Rg6+ 41. Kh5 Rc8 42. Be7 Rh8 43. Nxf5 Rxg1 44. Ng3 Re8 45. Bf6 Nc6 46. Ne4 Rg6 47. h4 Rh6+ 48. Kg5 Rg6+ 49. Kh5 Rh6+ 50. Kg5 Ne7 51. Be6 Rg6+ 52. Kh5 Rh6+ 1/2-1/2

[Event "Buenos Aires Guimard Memorial 4th"]
[Site "Buenos Aires"]
[Date "2016.10.10"]
[Round "7"]
[White "Santillan, Leandro"]
[Black "Martin, Mateo"]
[Result "0-1"]
[WhiteElo "2042"]
[BlackElo "1930"]
[PlyCount "66"]
[EventDate "2016.10.08"]
[EventType "swiss"]
[EventRounds "7"]
[EventCountry "ARG"]
[SourceTitle "CBM 175 Extra"]
[Source "ChessBase"]
[SourceDate "2016.12.12"]
[SourceVersion "1"]
[SourceVersionDate "2016.12.12"]
[SourceQuality "1"]

1. e4 c5 2. Nf3 d6 3. d4 cxd4 4. Nxd4 Nf6 5. f3 e5 6. Nb3 Be6 7. c4 Nbd7 8. Be3 Qc7 9. Na3 a6 10. Be2 Be7 11. Rc1 0-0 12. 0-0 Rac8 13. Qe1 Nh5 14. g3 g6 15. Nb1 f5 16. exf5 gxf5 17. Bh6 Rf7 18. Qd2 Nhf6 19. Nc3 Bf8 20. Bg5 Nc5 21. Na1 b6 22. b4 Ncd7 23. Nd5 Qb7 24. Nc2 Nxd5 25. cxd5 Qxd5 26. Qxd5 Bxd5 27. Ne3 Rxc1 28. Rxc1 Bxa2 29. Bxa6 Be6 30. Bc4 Nb8 31. Ra1 d5 32. Ra8 Bd6 33. Ba6 d4 0-1

[Event "Buenos Aires Guimard Memorial 4th"]
[Site "Buenos Aires"]
[Date "2016.10.09"]
[Round "5"]
[White "Santillan, Leandro"]
[Black "Belmonte, Diego Mariano"]
[Result "0-1"]
[WhiteElo "2042"]
[BlackElo "2315"]
[PlyCount "46"]
[EventDate "2016.10.08"]
[EventType "swiss"]
[EventRounds "7"]
[EventCountry "ARG"]
[SourceTitle "CBM 175 Extra"]
[Source "ChessBase"]
[SourceDate "2016.12.12"]
[SourceVersion "1"]
[SourceVersionDate "2016.12.12"]
[SourceQuality "1"]

1. e4 e5 2. Nf3 Nc6 3. Bb5 a6 4. Ba4 Nf6 5. 0-0 b5 6. Bb3 Bc5 7. c3 d6 8. d4 Bb6 9. h3 0-0 10. a4 Rb8 11. Re1 h6 12. Na3 exd4 13. cxd4 Na5 14. axb5 Nxb3 15. Qxb3 axb5 16. d5 Re8 17. Qd3 Bd7 18. Bf4 Nh5 19. Bh2 Qf6 20. e5 Nf4 21. Qe4 dxe5 22. Nxe5 Rxe5 23. Qxe5 Nxh3+ 0-1

[Event "ARG-ch sf U2300 Ottonello Memorial"]
[Site "Monteros"]
[Date "2016.09.17"]
[Round "1.2"]
[White "Santillan, Leandro"]
[Black "Nunez, Benjamin"]
[Result "1-0"]
[WhiteElo "2062"]
[BlackElo "1822"]
[PlyCount "85"]
[EventDate "2016.09.17"]
[EventType "swiss"]
[EventRounds "6"]
[EventCountry "ARG"]
[SourceTitle "EXT 2024"]
[Source "ChessBase"]
[SourceDate "2023.10.10"]
[SourceVersion "1"]
[SourceVersionDate "2023.10.10"]
[SourceQuality "1"]

1. e4 c5 2. Nf3 Nc6 3. d4 cxd4 4. Nxd4 Nf6 5. Nc3 e5 6. Ndb5 d6 7. Bg5 a6 8. Na3 b5 9. Nd5 Be7 10. Bxf6 Bxf6 11. c3 Ne7 12. Nc2 Nxd5 13. exd5 Bd7 14. Be2 Bg5 15. Nb4 0-0 16. a4 bxa4 17. Bxa6 Qb6 18. Bd3 f5 19. Bc2 f4 20. Bxa4 Bf5 21. 0-0 f3 22. Qxf3 Bc2 23. Bxc2 Rxa1 24. Bxh7+ Kxh7 25. Qxf8 Rxf1+ 26. Kxf1 Qb5+ 27. Ke1 Qa4 28. Qf5+ Kh6 29. Qc2 Qa1+ 30. Ke2 Qh1 31. Kf3 g6 32. h3 Qh2 33. Qe4 Qh1 34. Qe2 Qb1 35. Nd3 Qa2 36. Qe4 Qb3 37. Kg3 Qc2 38. Qf3 Qd2 39. h4 Be7 40. Qe3+ Qxe3+ 41. fxe3 Kh5 42. Kf3 Kxh4 43. b4 1-0

[Event "ARG-ch sf U2300"]
[Site "San Pedro de Jujuy"]
[Date "2016.08.06"]
[Round "1.4"]
[White "Santillan, Leandro"]
[Black "Cardozo, Karen Yanina"]
[Result "1-0"]
[WhiteElo "2062"]
[BlackElo "1822"]
[PlyCount "45"]
[EventDate "2016.08.06"]
[EventType "swiss"]
[EventRounds "6"]
[EventCountry "ARG"]
[SourceTitle "EXT 2024"]
[Source "ChessBase"]
[SourceDate "2023.10.10"]
[SourceVersion "1"]
[SourceVersionDate "2023.10.10"]
[SourceQuality "1"]

1. e4 d6 2. d4 e5 3. Nf3 exd4 4. Nxd4 Nf6 5. Nc3 g6 6. Bc4 Bg7 7. 0-0 0-0 8. h3 Nc6 9. Nde2 Ne5 10. Bb3 Nh5 11. f4 Nc6 12. f5 Qh4 13. Be3 Be5 14. Qd2 Ng3 15. Nxg3 Bxg3 16. fxg6 hxg6 17. Bh6 Ne5 18. Bxf8 Kxf8 19. Ne2 Kg7 20. Qc3 f6 21. Qxg3 Qxe4 22. Nc3 Qd4+ 23. Qf2 1-0

[Event "ARG-ch sf U18"]
[Site "Villaguay"]
[Date "2016.02.23"]
[Round "1"]
[White "Santillan, Leandro"]
[Black "Palomares, Joaquin"]
[Result "1-0"]
[WhiteElo "2117"]
[BlackElo "1635"]
[PlyCount "69"]
[EventDate "2016.02.23"]
[EventType "swiss"]
[EventRounds "8"]
[EventCountry "ARG"]
[SourceTitle "EXT 2017"]
[Source "ChessBase"]
[SourceDate "2016.10.25"]
[SourceVersion "1"]
[SourceVersionDate "2016.10.25"]
[SourceQuality "1"]

1. e4 e6 2. d3 d5 3. Nd2 dxe4 4. dxe4 Nc6 5. Ngf3 Bc5 6. Bb5 Bd7 7. c3 a6 8. Ba4 Nf6 9. Qe2 0-0 10. 0-0 e5 11. h3 b5 12. Bc2 h6 13. Rd1 Qe7 14. Nf1 Rfd8 15. Ng3 Be6 16. Nh4 Rxd1+ 17. Qxd1 Rd8 18. Qf3 b4 19. Ngf5 Qf8 20. Nxh6+ gxh6 21. Qxf6 Be7 22. Qf3 Bxh4 23. Qh5 Bg5 24. Bxg5 hxg5 25. Qxg5+ Qg7 26. Qh4 Rd2 27. Ba4 bxc3 28. bxc3 Na5 29. Rb1 f6 30. Rb8+ Kf7 31. Qh5+ Ke7 32. Re8+ Kd6 33. Rd8+ Kc5 34. Rxd2 Nc4 35. Qe8 1-0

[Event "South America-ch U18 12th"]
[Site "Santa Cruz"]
[Date "2015.12.06"]
[Round "7"]
[White "Santillan, Leandro"]
[Black "Santiago Vilca, Christian Amilca"]
[Result "0-1"]
[WhiteElo "2141"]
[BlackElo "2123"]
[PlyCount "92"]
[EventDate "2015.12.02"]
[EventType "swiss"]
[EventRounds "9"]
[EventCountry "BOL"]
[SourceTitle "CBM 170 Extra"]
[Source "ChessBase"]
[SourceDate "2016.02.25"]
[SourceVersion "1"]
[SourceVersionDate "2016.02.25"]
[SourceQuality "1"]

1. e4 c5 2. Nf3 e6 3. d3 Nc6 4. g3 d5 5. Nbd2 Bd6 6. Bg2 Nge7 7. 0-0 0-0 8. c3 b6 9. Re1 Qc7 10. d4 f6 11. h4 Kh8 12. h5 cxd4 13. Nxd4 Nxd4 14. cxd4 Bb7 15. Qe2 Nc6 16. Nb3 dxe4 17. Bxe4 e5 18. d5 Nb4 19. Bd2 f5 20. Bg2 Ba6 21. Qd1 Nd3 22. Bf1 e4 23. Bxd3 Bxd3 24. Nd4 Bc5 25. Bf4 Qd7 26. Ne6 Rfc8 27. h6 Qxd5 28. hxg7+ Kg8 29. Ng5 Bd4 30. Qh5 Bxf2+ 31. Kh2 Kxg7 32. Qxh7+ Kf6 33. Qh6+ Ke7 34. Qg7+ Ke8 35. Rec1 Bd4 36. Rxc8+ Rxc8 37. Qg6+ Ke7 38. Qh7+ Ke8 39. Rc1 Rxc1 40. Bxc1 e3 41. Qxa7 Bf1 42. Qa4+ b5 43. Qc2 Kd7 44. Nh3 e2 45. Nf4 Bg1+ 46. Kxg1 e1Q 0-1

[Event "South America-ch U18 12th"]
[Site "Santa Cruz"]
[Date "2015.12.04"]
[Round "4"]
[White "Santillan, Leandro"]
[Black "Sanchez Millones, Jonathan Estev"]
[Result "0-1"]
[WhiteElo "2141"]
[BlackElo "1948"]
[PlyCount "50"]
[EventDate "2015.12.02"]
[EventType "swiss"]
[EventRounds "9"]
[EventCountry "BOL"]
[SourceTitle "CBM 170 Extra"]
[Source "ChessBase"]
[SourceDate "2016.02.25"]
[SourceVersion "1"]
[SourceVersionDate "2016.02.25"]
[SourceQuality "1"]

1. e4 e6 2. d3 d5 3. Nd2 c5 4. Ngf3 Nc6 5. g3 Bd6 6. Bg2 Nge7 7. 0-0 0-0 8. Re1 Qc7 9. Qe2 f6 10. exd5 exd5 11. c4 Bg4 12. cxd5 Ne5 13. Qd1 Qd7 14. Nc4 Nxd5 15. h3 Bxf3 16. Bxf3 Nb4 17. Re4 f5 18. Rh4 Be7 19. Rh5 Nxf3+ 20. Qxf3 Qxd3 21. Qxd3 Nxd3 22. Bg5 Bxg5 23. Rxg5 b5 24. Ne3 g6 25. g4 Ne5 0-1

[Event "ARG-ch U18"]
[Site "Cenard"]
[Date "2015.05.02"]
[Round "7"]
[White "Amato, Leonel"]
[Black "Santillan, Leandro"]
[Result "0-1"]
[WhiteElo "2101"]
[BlackElo "2085"]
[PlyCount "72"]
[EventDate "2015.04.29"]
[EventType "tourn"]
[EventRounds "9"]
[EventCountry "ARG"]
[SourceTitle "CBM 166 Extra"]
[Source "ChessBase"]
[SourceDate "2015.06.18"]
[SourceVersion "1"]
[SourceVersionDate "2015.06.18"]
[SourceQuality "1"]

1. d4 Nf6 2. Bg5 e6 3. e4 Be7 4. Bd3 d5 5. Bxf6 gxf6 6. exd5 Qxd5 7. Nf3 Nc6 8. c3 f5 9. Nbd2 Bf6 10. Nc4 b6 11. Qe2 0-0 12. Ne3 Qd6 13. g4 Ne7 14. gxf5 exf5 15. 0-0-0 Kh8 16. h4 Bb7 17. Rh3 Rae8 18. Ng5 Bg7 19. Bc4 Qg6 20. Rg3 Nd5 21. h5 Qf6 22. Nxd5 Bxd5 23. Qf1 f4 24. Rg4 Qf5 25. Bxd5 Qxd5 26. Qd3 f5 27. Rdg1 Bh6 28. c4 Qd7 29. R4g2 f3 30. Rg3 Re4 31. d5 Rg4 32. Rxg4 fxg4 33. Qd4+ Qg7 34. Qxg7+ Kxg7 35. Rxg4 Rf5 36. Kc2 Bxg5 0-1

[Event "ARG-ch U18"]
[Site "Cenard"]
[Date "2015.05.01"]
[Round "5"]
[White "Di Giannantonio, Nino"]
[Black "Santillan, Leandro"]
[Result "1-0"]
[WhiteElo "2356"]
[BlackElo "2085"]
[PlyCount "89"]
[EventDate "2015.04.29"]
[EventType "tourn"]
[EventRounds "9"]
[EventCountry "ARG"]
[SourceTitle "CBM 166 Extra"]
[Source "ChessBase"]
[SourceDate "2015.06.18"]
[SourceVersion "1"]
[SourceVersionDate "2015.06.18"]
[SourceQuality "1"]

1. d4 Nf6 2. Nf3 g6 3. Bg5 Bg7 4. Nbd2 d6 5. e4 0-0 6. c3 Nc6 7. Be2 e5 8. dxe5 Nxe5 9. Nxe5 dxe5 10. 0-0 h6 11. Be3 b6 12. f3 Nh5 13. Qa4 Nf4 14. Bxf4 exf4 15. Rad1 Qf6 16. Nb3 h5 17. Ba6 c5 18. Bxc8 Rfxc8 19. Rd7 a6 20. Qc4 b5 21. Qd5 Bf8 22. e5 Qf5 23. Nd2 Bg7 24. Ne4 Bxe5 25. Ng5 Rf8 26. Nxf7 Qxd7 27. Nh6+ Kg7 28. Qxd7+ Kxh6 29. Re1 Bf6 30. Qc6 c4 31. Re6 Rac8 32. Qxa6 Rcd8 33. Qc6 Rc8 34. Qd6 Rcd8 35. Qxf4+ Bg5 36. Qe4 Rd1+ 37. Kf2 Rg8 38. f4 Bh4+ 39. g3 Bd8 40. Qc2 Rd3 41. Qe2 Rg7 42. f5 Bg5 43. Kg1 Rd2 44. Qe5 Bh4 45. Rxg6+ 1-0

[Event "ARG-ch U18 sf"]
[Site "Buenos Aires"]
[Date "2015.04.02"]
[Round "2.4"]
[White "Wolfsdorf, Alexis"]
[Black "Santillan, Leandro"]
[Result "1-0"]
[WhiteElo "1838"]
[BlackElo "2085"]
[PlyCount "107"]
[EventDate "2015.04.02"]
[EventType "swiss"]
[EventRounds "8"]
[EventCountry "ARG"]
[SourceTitle "EXT 2024"]
[Source "ChessBase"]
[SourceDate "2023.10.10"]
[SourceVersion "1"]
[SourceVersionDate "2023.10.10"]
[SourceQuality "1"]

1. d4 Nf6 2. c4 g6 3. Nc3 Bg7 4. e4 d6 5. Nf3 0-0 6. Be2 e5 7. d5 Nbd7 8. Bg5 h6 9. Bh4 a5 10. Nd2 Nc5 11. 0-0 Bd7 12. b3 Qe8 13. a3 Nh7 14. Qc2 f5 15. f3 f4 16. Rab1 g5 17. Bf2 b6 18. b4 axb4 19. axb4 Na6 20. c5 bxc5 21. bxc5 Nxc5 22. Bxc5 dxc5 23. Nb3 h5 24. Nxc5 Bc8 25. Qb3 Kh8 26. Bb5 Qe7 27. Qc4 g4 28. Bc6 Ra5 29. Nb5 Rg8 30. Bb7 gxf3 31. Rxf3 Bg4 32. Rf2 Ng5 33. Nb3 Rxb5 34. d6 cxd6 35. Qxb5 Bf6 36. Bd5 Be6 37. Kh1 Qg7 38. Bxe6 Nxe6 39. Qe2 Qg6 40. Rd1 Bh4 41. Rff1 Ng5 42. Nd2 Ne6 43. Nf3 Be7 44. Ra1 h4 45. Ra7 Rg7 46. Rxe7 Rxe7 47. Nxh4 Qg5 48. Nf5 Rh7 49. Qa6 Qd8 50. Nxd6 Nc7 51. Qc6 Qh4 52. h3 Qg3 53. Nf5 Qg5 54. Qd6 1-0

[Event "Nicandro Memorial U2200 3rd"]
[Site "Santiago del Estero"]
[Date "2014.11.02"]
[Round "5.5"]
[White "Santillan, Leandro"]
[Black "Acosta, Raul ER"]
[Result "1-0"]
[WhiteElo "1962"]
[BlackElo "2000"]
[PlyCount "63"]
[EventDate "2014.11.01"]
[EventType "swiss"]
[EventRounds "6"]
[EventCountry "ARG"]
[SourceTitle "EXT 2024"]
[Source "ChessBase"]
[SourceDate "2023.10.10"]
[SourceVersion "1"]
[SourceVersionDate "2023.10.10"]
[SourceQuality "1"]

1. e4 c5 2. Nf3 d6 3. d4 cxd4 4. Nxd4 Nf6 5. Nc3 g6 6. Be3 Bg7 7. Be2 0-0 8. f4 Nc6 9. Nb3 a5 10. a4 Nb4 11. 0-0 Be6 12. Nd4 Bd7 13. Bf3 Bc6 14. Qd2 Nd7 15. Rad1 Nb6 16. b3 Rc8 17. f5 d5 18. Bh6 dxe4 19. Bxg7 Kxg7 20. Bxe4 Bxe4 21. Nxe4 Qd5 22. f6+ exf6 23. Nxf6 Qc5 24. c4 Nc6 25. Qf2 Nxd4 26. Rxd4 Rc6 27. Kh1 Qg5 28. Rf4 h5 29. Qd4 Kh6 30. g4 hxg4 31. Nxg4+ Kh7 32. Nf6+ 1-0

[Event "South America-ch U16 11th"]
[Site "Montevideo"]
[Date "2014.09.11"]
[Round "6"]
[White "Noboa Silva, Kevin Omar"]
[Black "Santillan, Leandro"]
[Result "0-1"]
[WhiteElo "1712"]
[BlackElo "1827"]
[PlyCount "96"]
[EventDate "2014.09.08"]
[EventType "swiss"]
[EventRounds "9"]
[EventCountry "URU"]
[SourceTitle "EXT 2016"]
[Source "ChessBase"]
[SourceDate "2015.10.08"]
[SourceVersion "1"]
[SourceVersionDate "2015.10.08"]
[SourceQuality "1"]

1. e4 e6 2. d4 d5 3. Nd2 Nf6 4. e5 Nfd7 5. Bd3 c5 6. c3 Nc6 7. Ne2 Qb6 8. Nf3 cxd4 9. cxd4 f6 10. exf6 Bb4+ 11. Bd2 Nxf6 12. 0-0 0-0 13. Rc1 Bd7 14. Bxb4 Qxb4 15. b3 Rae8 16. Nc3 Qd6 17. Bb5 Ng4 18. h3 Rxf3 19. hxg4 Rf4 20. Bxc6 bxc6 21. g3 Rf6 22. f4 Ref8 23. g5 Rg6 24. Ne2 Be8 25. Rf2 h6 26. gxh6 Rxh6 27. Rh2 Rff6 28. Nc3 Rxh2 29. Kxh2 Rh6+ 30. Kg2 Bg6 31. Qe2 Bh5 32. Qe3 Qa3 33. Rc2 Bg4 34. Rf2 Bf5 35. Qd2 c5 36. Kf3 Qb4 37. Ke3 Rh1 38. dxc5 Qxc5+ 39. Qd4 Qc6 40. Rd2 Bg4 41. Ne2 a5 42. Qc3 Qb5 43. Qd3 Qc5+ 44. Qd4 Qd6 45. Kd3 Qa6+ 46. Ke3 Rf1 47. Qc5 Re1 48. Qc2 Qb6+ 0-1

[Event "South America-ch U16 11th"]
[Site "Montevideo"]
[Date "2014.09.09"]
[Round "3"]
[White "Santillan, Leandro"]
[Black "Tomas Falcon, Jesus"]
[Result "1/2-1/2"]
[WhiteElo "1827"]
[BlackElo "2100"]
[PlyCount "101"]
[EventDate "2014.09.08"]
[EventType "swiss"]
[EventRounds "9"]
[EventCountry "URU"]
[SourceTitle "EXT 2016"]
[Source "ChessBase"]
[SourceDate "2015.10.08"]
[SourceVersion "1"]
[SourceVersionDate "2015.10.08"]
[SourceQuality "1"]

1. e4 c5 2. Nf3 d6 3. d4 cxd4 4. Nxd4 Nf6 5. Nc3 a6 6. Be3 e5 7. Nb3 Be7 8. h3 h5 9. f4 Nbd7 10. Qf3 b5 11. 0-0-0 Bb7 12. Nd5 Rc8 13. Kb1 Nxd5 14. exd5 Qc7 15. Bd3 h4 16. Rhe1 g6 17. f5 g5 18. Bd2 f6 19. Ba5 Qb8 20. Rc1 Bd8 21. c4 Bxa5 22. Nxa5 b4 23. Nc6 Bxc6 24. dxc6 Nc5 25. Be4 Qb6 26. Bd5 a5 27. Red1 Ke7 28. Rd2 Na6 29. Qb3 Qc5 30. Bf3 Rhd8 31. Rd5 Qb6 32. Rb5 Qf2 33. c5 d5 34. Bxd5 Qxf5+ 35. Ka1 Nc7 36. Rb7 Kf8 37. Bf3 Qf4 38. Rd1 Rd4 39. Bh5 Nd5 40. Rb1 Qe4 41. Bf3 Qd3 42. Qxd3 Rxd3 43. Rd7 Nf4 44. Rd1 Rxd1+ 45. Rxd1 Ne6 46. Rd6 Nxc5 47. Rxf6+ Ke7 48. Rf5 Kd6 49. Rf6+ Ke7 50. Rf5 Kd6 51. Rf6+ 1/2-1/2

[Event "Pan American-ch U16 24th"]
[Site "Pocos de Caldas"]
[Date "2013.07.31"]
[Round "9.7"]
[White "Santillan, Leandro"]
[Black "Brito Valdes, Santiago Jose"]
[Result "0-1"]
[WhiteElo "1755"]
[BlackElo "2063"]
[PlyCount "54"]
[EventDate "2013.07.25"]
[EventType "swiss"]
[EventRounds "9"]
[EventCountry "BRA"]
[SourceTitle "EXT 2016"]
[Source "ChessBase"]
[SourceDate "2015.10.08"]
[SourceVersion "1"]
[SourceVersionDate "2015.10.08"]
[SourceQuality "1"]

1. e4 c5 2. Nf3 d6 3. d4 cxd4 4. Nxd4 Nf6 5. Nc3 a6 6. Be3 e5 7. Nb3 Be6 8. h3 Nbd7 9. g4 Rc8 10. g5 Rxc3 11. bxc3 Nxe4 12. Bg2 Nxc3 13. Qd3 Qc7 14. Bd2 Na4 15. Qf3 d5 16. 0-0 Bd6 17. Kh1 0-0 18. Qd3 Nac5 19. Qg3 f5 20. f4 Ne4 21. Qh4 Qxc2 22. Be3 Qd3 23. Rf3 Qe2 24. Bg1 Bc7 25. fxe5 Nxe5 26. Re3 Qb2 27. Bxe4 fxe4 0-1

[Event "Pan American-ch U16 24th"]
[Site "Pocos de Caldas"]
[Date "2013.07.30"]
[Round "8.7"]
[White "De Carvalho, Igor Lorenzon"]
[Black "Santillan, Leandro"]
[Result "1/2-1/2"]
[WhiteElo "1889"]
[BlackElo "1755"]
[PlyCount "99"]
[EventDate "2013.07.25"]
[EventType "swiss"]
[EventRounds "9"]
[EventCountry "BRA"]
[SourceTitle "EXT 2016"]
[Source "ChessBase"]
[SourceDate "2015.10.08"]
[SourceVersion "1"]
[SourceVersionDate "2015.10.08"]
[SourceQuality "1"]

1. d4 Nf6 2. c4 g6 3. Nc3 Bg7 4. Nf3 0-0 5. Bf4 d6 6. h3 Nfd7 7. e3 e5 8. Bh2 Nc6 9. Be2 f5 10. 0-0 e4 11. Nd2 Nf6 12. Rb1 g5 13. b4 Ne7 14. b5 Ng6 15. a4 Qe7 16. Qc2 Bd7 17. a5 Rae8 18. b6 axb6 19. axb6 c6 20. d5 f4 21. Rfd1 Bh6 22. Nf1 c5 23. Nb5 g4 24. exf4 Bxf4 25. Nc7 Rd8 26. g3 Be5 27. h4 Bd4 28. Ne3 Ne5 29. Nb5 Bxe3 30. fxe3 Nf3+ 31. Kg2 Ra8 32. Nc7 Rad8 33. Bg1 Rf7 34. Bf2 Rdf8 35. Rf1 Ne8 36. Nxe8 Qxe8 37. Be1 Ne5 38. Bc3 Nd3 39. Rxf7 Rxf7 40. Rf1 Rxf1 41. Bxf1 Qf7 42. Qe2 h5 43. Kg1 Qf5 44. Bg2 Kf7 45. Qf1 Qxf1+ 46. Kxf1 Bf5 47. Ke2 Ke7 48. Bh1 Nc1+ 49. Kd1 Nd3 50. Ke2 1/2-1/2

[Event "Pan American-ch U16 24th"]
[Site "Pocos de Caldas"]
[Date "2013.07.29"]
[Round "5.11"]
[White "Santillan, Leandro"]
[Black "Laenen, Matias"]
[Result "1-0"]
[WhiteElo "1755"]
[BlackElo "1887"]
[PlyCount "50"]
[EventDate "2013.07.25"]
[EventType "swiss"]
[EventRounds "9"]
[EventCountry "BRA"]
[SourceTitle "EXT 2016"]
[Source "ChessBase"]
[SourceDate "2015.10.08"]
[SourceVersion "1"]
[SourceVersionDate "2015.10.08"]
[SourceQuality "1"]

1. e4 e6 2. d4 d5 3. Nc3 dxe4 4. Nxe4 Bd7 5. Nf3 Bc6 6. Ng3 Nd7 7. c4 Ngf6 8. Be2 Be7 9. Qb3 0-0 10. 0-0 Bxf3 11. Bxf3 Rb8 12. Be3 Nb6 13. Rfd1 Qd7 14. a4 c6 15. Ne2 Rfd8 16. Bf4 Rbc8 17. h3 Bf8 18. a5 Na8 19. Nc3 Qe7 20. Ra4 Rd7 21. c5 a6 22. Rb4 Ne8 23. Ne4 Qd8 24. Rxb7 Rxd4 25. Rxd4 Qxd4 1-0